[Event "FICGS class E 000127 email"]
[Site "FICGS email"]
[Date "2010.07.30"]
[Round "1"]
[White "Marques, Joao Paulo Cassemir"]
[Black "Nez, Dona"]
[Result "0-1"]
[WhiteElo "1302"]
[BlackElo "1300"]
[PlyCount "28"]
[EventDate "2010.??.??"]
[EventType "tourn (corr)"]
[EventRounds "6"]
[SourceTitle "Corr 2013"]
[Source "ChessBase"]
[SourceDate "2012.11.12"]
[SourceVersion "1"]
[SourceVersionDate "2012.11.12"]
[SourceQuality "1"]

1. e4 e5 2. Nf3 Nc6 3. Bb5 Nf6 4. 0-0 Be7 5. Re1 0-0 6. c3 d6 7. d3 Bg4 8. Bg5 h6 9. Bh4 Nh5 10. Bxe7 Nxe7 11. Nbd2 Nf4 12. Qc2 a6 13. Ba4 Qc8 14. d4 Bxf3 0-1

[Event "FICGS class E 000127 email"]
[Site "FICGS email"]
[Date "2010.07.30"]
[Round "1"]
[White "Nez, Dona"]
[Black "Gonet, Gerard"]
[Result "1-0"]
[WhiteElo "1300"]
[BlackElo "1374"]
[PlyCount "43"]
[EventDate "2010.??.??"]
[EventType "tourn (corr)"]
[EventRounds "6"]
[SourceTitle "Corr 2013"]
[Source "ChessBase"]
[SourceDate "2012.11.12"]
[SourceVersion "1"]
[SourceVersionDate "2012.11.12"]
[SourceQuality "1"]

1. Nf3 Nf6 2. c4 g6 3. Nc3 Bg7 4. d4 0-0 5. e4 d6 6. Be2 e5 7. d5 a5 8. 0-0 Nbd7 9. Bg5 Qe8 10. Qc2 h6 11. Be3 Nh5 12. Nb5 Qd8 13. Rfd1 f5 14. exf5 gxf5 15. Bd2 Ndf6 16. Nh4 Ng4 17. Ng6 Rf6 18. Nh4 c6 19. Nc3 Qb6 20. Be1 f4 21. Ne4 Bf5 22. Nxf5 1-0

[Event "FICGS class E 000125 email"]
[Site "FICGS email"]
[Date "2010.06.30"]
[Round "1"]
[White "Barradas, Anderson"]
[Black "Nez, Dona"]
[Result "0-1"]
[WhiteElo "1218"]
[BlackElo "1300"]
[PlyCount "76"]
[EventDate "2010.??.??"]
[EventType "tourn (corr)"]
[EventRounds "6"]
[SourceTitle "Corr 2013"]
[Source "ChessBase"]
[SourceDate "2012.11.12"]
[SourceVersion "1"]
[SourceVersionDate "2012.11.12"]
[SourceQuality "1"]

1. e4 e5 2. Nf3 Nc6 3. Bb5 a6 4. Ba4 Nf6 5. 0-0 Be7 6. Re1 0-0 7. c3 b5 8. Bb3 Bb7 9. d3 Bc5 10. Bg5 d6 11. Nbd2 h6 12. Bxf6 Qxf6 13. Bd5 Rab8 14. b4 Bb6 15. a4 Ne7 16. Bxb7 Rxb7 17. axb5 axb5 18. c4 bxc4 19. Nxc4 Nc6 20. Qa4 Nd4 21. Nxd4 exd4 22. Nxb6 Rxb6 23. Rac1 Rc8 24. Qa7 Rxb4 25. Rxc7 Rxc7 26. Qxc7 Rb2 27. f3 Rd2 28. Qc4 Qg6 29. Qc8+ Kh7 30. Qh3 Rxd3 31. Re2 Rd1+ 32. Kf2 d3 33. Re1 Rd2+ 34. Kg1 Rc2 35. Rd1 Kg8 36. Rxd3 Qg5 37. Rd1 Qe3+ 38. Kh1 Rc1 0-1

[Event "FICGS class E 000125 email"]
[Site "FICGS email"]
[Date "2010.06.30"]
[Round "1"]
[White "Stoyanov, Zdravko"]
[Black "Nez, Dona"]
[Result "0-1"]
[WhiteElo "1297"]
[BlackElo "1300"]
[PlyCount "58"]
[EventDate "2010.??.??"]
[EventType "tourn (corr)"]
[EventRounds "6"]
[SourceTitle "Corr 2013"]
[Source "ChessBase"]
[SourceDate "2012.11.12"]
[SourceVersion "1"]
[SourceVersionDate "2012.11.12"]
[SourceQuality "1"]

1. e4 e5 2. Nf3 Nc6 3. Bb5 f5 4. Bxc6 dxc6 5. c3 Nf6 6. d3 Be7 7. Bg5 Qd6 8. exf5 Bxf5 9. d4 0-0-0 10. Nxe5 h6 11. Bh4 Nd7 12. Bg3 Nxe5 13. Bxe5 Qg6 14. Nd2 Qxg2 15. Qf3 Qxf3 16. Nxf3 Be4 17. Ke2 Rhf8 18. Rhg1 Bxf3+ 19. Kd3 g5 20. Bg7 Rg8 21. Bxh6 Rd6 22. Rg3 g4 23. Be3 c5 24. h3 cxd4 25. Bf4 Re6 26. hxg4 Be4+ 27. Kd2 Rd8 28. Kc1 Bg6 29. a3 Re1+ 0-1

[Event "FICGS class E 000124 email"]
[Site "FICGS email"]
[Date "2010.06.17"]
[Round "1"]
[White "Smith, Brittany"]
[Black "Nez, Dona"]
[Result "1-0"]
[WhiteElo "1400"]
[BlackElo "1300"]
[PlyCount "41"]
[EventDate "2010.??.??"]
[EventType "tourn (corr)"]
[EventRounds "5"]
[SourceTitle "Corr 2013"]
[Source "ChessBase"]
[SourceDate "2012.11.12"]
[SourceVersion "1"]
[SourceVersionDate "2012.11.12"]
[SourceQuality "1"]

1. d4 d5 2. c4 c6 3. Nf3 e6 4. Nc3 Nf6 5. e3 Nbd7 6. Nh4 Be7 7. Be2 0-0 8. Bd2 Ne4 9. Na4 Bxh4 10. g3 Bf6 11. 0-0 Re8 12. Bc1 dxc4 13. Bxc4 Nb6 14. Nc5 Nxc5 15. dxc5 Nxc4 16. Qe2 Qd5 17. b3 Bxa1 18. Qc2 Ne5 19. e4 Nf3+ 20. Kg2 Qh5 21. Qe2 1-0

[Event "OP-2010-0-01172"]
[Site "LSS email"]
[Date "2010.05.30"]
[Round "?"]
[White "Fernandez, German"]
[Black "Nez, Dona"]
[Result "0-1"]
[WhiteElo "886"]
[BlackElo "800"]
[PlyCount "112"]
[EventDate "2010.05.22"]
[EventType "tourn (corr)"]
[EventRounds "4"]
[EventCountry "GER"]
[SourceTitle "Telechess CBM 141"]
[Source "ChessBase"]
[SourceDate "2011.03.17"]
[SourceVersion "1"]
[SourceVersionDate "2011.03.17"]
[SourceQuality "1"]

1. d4 d5 2. c4 c6 3. Nc3 Nf6 4. Nf3 Bf5 5. e3 e6 6. Be2 Bb4 7. 0-0 0-0 8. Ne5 Nbd7 9. cxd5 cxd5 10. a3 Bxc3 11. Nxd7 Qxd7 12. bxc3 Ne4 13. c4 Nc3 14. Qe1 Nxe2+ 15. Qxe2 b6 16. Bd2 Rac8 17. Rfc1 Qa4 18. Bb4 Rfe8 19. cxd5 exd5 20. Qb2 Qd7 21. Rxc8 Rxc8 22. Rc1 a5 23. Rxc8+ Qxc8 24. Bd6 Qc6 25. Bf4 h6 26. h3 b5 27. f3 Qc4 28. Qd2 b4 29. axb4 Qxb4 30. Qxb4 axb4 31. Bd6 b3 32. Ba3 Kh7 33. g4 Bc2 34. Kf2 Kg6 35. h4 Kf6 36. Ke2 Ke6 37. Kd2 f5 38. g5 hxg5 39. hxg5 g6 40. Kc3 Kd7 41. Bc1 Kd6 42. e4 dxe4 43. f4 Ke6 44. Kc4 e3 45. Kc3 e2 46. Bd2 Kd5 47. Be1 Bd1 48. Bd2 Ke4 49. Be1 Kxf4 50. Bd2+ Ke4 51. Be1 f4 52. Bd2 f3 53. Be1 b2 54. Kxb2 Ke3 55. d5 f2 56. Bxf2+ Kxf2 0-1

[Event "OP-2010-0-01172"]
[Site "LSS email"]
[Date "2010.05.30"]
[Round "?"]
[White "Nez, Dona"]
[Black "Borgen, Rune"]
[Result "0-1"]
[WhiteElo "800"]
[BlackElo "857"]
[PlyCount "142"]
[EventDate "2010.05.22"]
[EventType "tourn (corr)"]
[EventRounds "4"]
[EventCountry "GER"]
[SourceTitle "Telechess CBM 141"]
[Source "ChessBase"]
[SourceDate "2011.03.17"]
[SourceVersion "1"]
[SourceVersionDate "2011.03.17"]
[SourceQuality "1"]

1. d4 d5 2. c4 e6 3. Nc3 Nf6 4. Bg5 Nbd7 5. e4 Be7 6. e5 Ne4 7. Nxe4 dxe4 8. Bxe7 Qxe7 9. Qd2 c5 10. Ne2 Nb6 11. b3 Bd7 12. g3 Bc6 13. Qe3 Nd7 14. Bg2 Rd8 15. Bxe4 cxd4 16. Nxd4 Qb4+ 17. Kf1 Bxe4 18. Qxe4 Qc3 19. Kg2 Nc5 20. Qe3 Qxd4 21. Qxd4 Rxd4 22. Rad1 Re4 23. Rhe1 Rxe1 24. Rxe1 0-0 25. Rd1 f6 26. exf6 Rxf6 27. Rd8+ Kf7 28. Rc8 Ne4 29. Rc7+ Kg6 30. f3 Nc3 31. a4 Rf7 32. Rc5 b6 33. Re5 Kf6 34. Re3 Na2 35. Rd3 Nb4 36. Rd6 Ke5 37. Rd2 g5 38. Rd1 h5 39. h3 g4 40. f4+ Kf5 41. h4 e5 42. fxe5 Kxe5 43. Rd2 Rf3 44. Re2+ Kd4 45. Re6 Rf5 46. Re7 Nc6 47. Rc7 Rf6 48. Rb7 Kc3 49. c5 Kxb3 50. cxb6 axb6 51. Rxb6+ Kxa4 52. Kh2 Ka5 53. Rb2 Nd4 54. Kg2 Ka4 55. Rb1 Rf3 56. Rf1 Kb3 57. Rxf3+ Nxf3 58. Kf2 Kc3 59. Ke3 Nh2 60. Kf2 Kd3 61. Kg2 Nf3 62. Kf2 Kd2 63. Kg2 Ke2 64. Kh1 Nd4 65. Kg2 Nf5 66. Kg1 Kf3 67. Kf1 Nxg3+ 68. Kg1 Nf5 69. Kh1 g3 70. Kg1 g2 71. Kh2 Kf2 0-1

[Event "OP-2010-0-01172"]
[Site "LSS email"]
[Date "2010.05.29"]
[Round "?"]
[White "Jaszczowski, Zdzislaw"]
[Black "Nez, Dona"]
[Result "0-1"]
[WhiteElo "771"]
[BlackElo "800"]
[PlyCount "116"]
[EventDate "2010.05.22"]
[EventType "tourn (corr)"]
[EventRounds "4"]
[EventCountry "GER"]
[SourceTitle "Telechess CBM 141"]
[Source "ChessBase"]
[SourceDate "2011.03.17"]
[SourceVersion "1"]
[SourceVersionDate "2011.03.17"]
[SourceQuality "1"]

1. e4 e5 2. Nf3 Nc6 3. Bb5 Nge7 4. c3 d6 5. d4 Bd7 6. dxe5 dxe5 7. Bg5 g6 8. 0-0 Bg7 9. Na3 Bg4 10. Qe2 0-0 11. Rfd1 Qe8 12. h3 Bd7 13. Nh2 a6 14. Ba4 b5 15. Bb3 Na5 16. Bc2 Nec6 17. Rd3 Be6 18. Ng4 Bxg4 19. hxg4 Nb7 20. Rad1 Nc5 21. Rh3 Ne6 22. Bh6 Bxh6 23. Rxh6 Qe7 24. Qe3 Rad8 25. Qh3 f6 26. Rxd8 Rxd8 27. Bb3 Kh8 28. Rxg6 Nf4 29. Rg8+ Rxg8 30. Qh4 Rg5 31. Nc2 Rh5 32. gxh5 Nd3 33. h6 Nxb2 34. Ne3 Qf8 35. Nd5 Ne7 36. Nxf6 Ng6 37. Qg5 Nd3 38. f3 Qe7 39. Qf5 Qc5+ 40. Kh2 Qe7 41. c4 c5 42. cxb5 axb5 43. Qc8+ Nf8 44. Qf5 c4 45. Bc2 Nb4 46. Bb1 c3 47. Nd5 Qh4+ 48. Qh3 Qxh3+ 49. Kxh3 c2 50. Bxc2 Nxc2 51. Kg4 Kg8 52. Kf5 Ng6 53. Nc3 b4 54. g3 Ne3+ 55. Ke6 bxc3 56. a4 c2 57. a5 c1Q 58. f4 Qc6# 0-1